Apprendre les animaux en allemand - Statistiques

Statistiques générales
  • Ce quiz a été pris 36 fois
  • Le résultat moyen est 8 sur 53
Statistiques - réponses
Français Deutsch % Correct
Le chat Die Katze
94%
Le chien Der Hund
88%
Le cheval Das Pferd
59%
L’oiseau Der Vogel
47%
La vache Die Kuh
47%
Le poisson Der Fisch
35%
Le loup Der Wolf
35%
Le cochon Das Schwein
29%
L’ours Der Bär
29%
Le lion Der Löwe
29%
Le coq Der Hahn
24%
Le koala Der Koala
24%
Le panda Der Panda
24%
Le tigre Der Tiger
24%
L’éléphant Der Elefant
18%
Le jaguar Der Jaguar
18%
La mouche Die Fliege
18%
La girafe Die Giraffe
18%
La poule Das Huhn
12%
Le lapin Das Kaninchen
12%
Le crocodile Das Krokodil
12%
Le mouton Das Schaf
12%
Le zèbre Das Zebra
12%
L’abeille Die Bienne
12%
Le canard Die Ente
12%
La souris Die Maus
12%
Le rat Die Ratte
12%
La tortue Die Schildkröte
12%
L’escargot Die Schnecke
12%
L’araignée Die Spinne
12%
Le sanglier Das Wildschwein
6%
Le singe Der Affe
6%
Le renard Der Fuchs
6%
La dinde Die Pute
6%
Le pigeon Die Taube
6%
L’écureuil Das Eichhörnchen
0%
L’hippopotame Das Nilpferd
0%
L’aigle Der Adler
0%
Le dauphin Der Delfin
0%
L’âne Der Esel
0%
La grenouille Der Frosch
0%
Le requin Der Hai
0%
Le chevreuil Der Hirsch
0%
Le cerf Der Hirsch / Das Reh
0%
La pieuvre Der Krake
0%
Le cygne Der Schwan
0%
Le moineau Der Spatz
0%
La baleine Der Wal
0%
La fourmi Die Ameise
0%
L’hibou Die Eule
0%
La moustique Die Mücke / Der Moskito
0%
Le serpent Die Schlange
0%
La chèvre Die Ziege
0%
Aucun quiz correspondant
Distribution des résultats
% des personnes avec chaque résultat
Percentile par nombre de réponses
Votre historique - résultats
Vous n’avez pas pris ce quiz